Kahului Airport Destinations (Kahului, HI, USA) - Map - Statistics

General Stats
  • This quiz has been taken 33 times
  • The average score is 22 of 28
Answers on the Map
Answers color-coded by a green-red scale on the quiz's map according to % correct below.
 
Answer Stats
Destination % Correct
Los Angeles
96%
San Francisco
96%
Atlanta
93%
Chicago (O'Hare)
93%
Denver
93%
Seattle/Tacoma
93%
Vancouver
93%
Dallas/Fort Worth
89%
Las Vegas
89%
Phoenix (Sky Harbor)
89%
Sacramento
89%
Salt Lake City
89%
San Diego
89%
Anchorage
85%
Calgary
85%
Edmonton
85%
Portland (OR)
85%
Honolulu
81%
San Jose (CA)
81%
Hilo
74%
Oakland
74%
Long Beach
70%
Lihue
63%
Kailua-Kona
48%
Molokai
41%
Lanai
37%
Hana
33%
Waimea
19%
No matching quizzes found
Score Distribution
Percent of People with Each Score
Percentile by Number Answered
Your Score History
You have not taken this quiz